000 00414nam a22001217a 4500
999 _c10070
_d10070
003 OSt
008 201218b ||||| |||| 00| 0 eng d
245 _aOriental Journal of Computer Science and Technology
250 _a2011(Dec Vol.4 No.2) 2012(Dec Vol.5 No.2) 2013(Mar Vol.6 No.1)
260 _aBhopal, M.P.
_bOriental Scientific Publishing Company
650 _aBachelor of Computer Applications
942 _2ddc
_cBV